| 000 | 00919nac a22002531i 4500 | ||
|---|---|---|---|
| 003 | EG-ScBUE | ||
| 005 | 20240218145901.0 | ||
| 008 | 111127s1968 le f 000 0 ara d | ||
| 040 |
_aEG-ScBUE _bara _erda _cEG-ScBUE _dEG-ScBUE |
||
| 043 |
_ama----- _aa-is--- |
||
| 082 | 0 | 4 |
_a22 _2956.94 _bج م ع |
| 100 | 1 |
_aجمعة، سعد، _d1915- _eمؤلف. |
|
| 245 | 1 | 2 |
_aالمؤامرة ومعركة المصير / _cسعد جمعة، رئيس الوزارة الأردنية السابق. |
| 250 | _aالطبعة الثانية. | ||
| 264 | 1 |
_a[بيروت] : _bدار الكاتب العربي، _c1968. |
|
| 300 |
_a268 صفحة ؛ _c24 سم |
||
| 336 |
_2rdacontent _aنص _btxt |
||
| 337 |
_aبدون وسيط _2rdamedia _bn |
||
| 338 |
_aمجلد _bnc _2rdacarrier |
||
| 650 | 7 |
_927899 _aالنزاع العربي الإسرائيلي. _2BUEsh |
|
| 653 | _cNovember2011 | ||
| 655 | _vReading book | ||
| 942 |
_cBB _2ddc |
||
| 999 |
_c7559 _d7559 |
||